[Event "Peace Tournament 2019"]
[Site "Zagreb"]
[Date "2019.11.23"]
[Round "5"]
[White "Ivanchuk, Vassily"]
[Black "Zelcic, Robert"]
[Result "1-0"]
[WhiteElo "2679"]
[BlackElo "2526"]
[Annotator "ChessBase"]
[PlyCount "121"]
[EventDate "2019.??.??"]
[EventCountry "CRO"]
[SourceTitle "playchess.com"]
[Source "ChessBase"]
[SourceQuality "1"]
[TimeControl "40/5400+30:1800+30"]

1. d4 Nf6 2. c4 e6 3. Nc3 Bb4 4. Nf3 b6 5. Bd2 Bb7 6. g3 O-O 7. Bg2 c5 8. dxc5 bxc5 9. O-O d6 10. Qc2 Nbd7 11. Rfd1 Qe7 12. Bf4 e5 13. Bg5 Bxc3 14. Qxc3 h6 15. Bxf6 Nxf6 16. Nh4 Bxg2 17. Nxg2 Rfb8 18. Ne3 Qe6 19. f3 Rb6 20. Rd2 g6 21. Rad1 Rab8 22. b3 Kh7 23. Kg2 Ra8 24. Qa5 h5 25. h3 Kg7 26. Kh2 Kh7 27. Ng2 Ng8 28. Ne3 Ne7 29. Kg2 Kg7 30. Rd3 f5 31. Nd5 Nxd5 32. Rxd5 e4 33. Rxd6 exf3+ 34. Kxf3 Rxd6 35. Qc7+ Kh8 36. Qxd6 Qe4+ 37. Kf2 Re8 38. Rd2 Qe3+ 39. Kg2 Kh7 40. Qf4 Qe7 41. Kf2 a5 42. h4 a4 43. bxa4 Ra8 44. Rd6 Rxa4 45. Rc6 Ra7 46. a4 Qd7 47. Rxc5 Qxa4 48. Rc7+ Rxc7 49. Qxc7+ Kh6 50. Qe5 Kh7 51. c5 Qc6 52. Qe7+ Kh6 53. Qd6 Qh1 54. c6 Qh2+ 55. Ke3 Qg1+ 56. Kd2 Qb1 57. c7 Qa2+ 58. Ke3 Qa7+ 59. Kd3 Qa8 60. Qc5 Qc8 61. Kd2 1-0

[Event "Peace Tournament 2019"]
[Site "Zagreb"]
[Date "2019.11.23"]
[Round "5"]
[White "Dreev, Aleksey"]
[Black "Bosiocic, Marin"]
[Result "0-1"]
[WhiteElo "2671"]
[BlackElo "2598"]
[Annotator "ChessBase"]
[PlyCount "114"]
[EventDate "2019.??.??"]
[EventCountry "CRO"]
[SourceTitle "playchess.com"]
[Source "ChessBase"]
[SourceQuality "1"]
[TimeControl "40/5400+30:1800+30"]

1. d4 Nf6 2. Nf3 e6 3. c4 d5 4. g3 Bb4+ 5. Bd2 Be7 6. Bg2 c6 7. Qc2 Nbd7 8. O-O b6 9. cxd5 cxd5 10. Rc1 Bb7 11. Bf4 O-O 12. Bc7 Qe8 13. Qb3 Ne4 14. Nc3 Nxc3 15. Rxc3 Ba6 16. Qd1 Nf6 17. Ne5 Rc8 18. Rac1 Ne4 19. R3c2 Qa4 20. Bf1 f6 21. Nf3 Qxa2 22. Ra1 Qb3 23. Qc1 Bb5 24. Rxa7 Ba4 25. Rc3 Nxc3 26. bxc3 Kh8 27. Qe3 Bd7 28. Bd6 Rxc3 29. Bxe7 Rxe3 30. Bxf8 Rxf3 31. exf3 Kg8 32. Bxg7 Kxg7 33. Rxd7+ Kf8 34. Rxh7 b5 35. Rb7 b4 36. Bb5 Qxf3 37. h4 Qd1+ 38. Kg2 Qxd4 39. Ba4 Qe4+ 40. Kg1 d4 41. Rd7 b3 42. Bxb3 Qb1+ 43. Kg2 Qxb3 44. Rxd4 e5 45. Rg4 Qb7+ 46. Kg1 Qf3 47. Rb4 e4 48. Rb8+ Kf7 49. Rb7+ Ke6 50. Rb8 Kf5 51. Rg8 Qd1+ 52. Kg2 Qe2 53. Kg1 e3 54. fxe3 Ke4 55. Rf8 Kf3 56. Rxf6+ Kxg3 57. Rg6+ Kh3 0-1

[Event "Peace Tournament 2019"]
[Site "Zagreb"]
[Date "2019.11.23"]
[Round "5"]
[White "Melkumyan, Hrant"]
[Black "Kozul, Zdenko"]
[Result "1-0"]
[WhiteElo "2661"]
[BlackElo "2593"]
[Annotator "ChessBase"]
[PlyCount "91"]
[EventDate "2019.??.??"]
[EventCountry "CRO"]
[SourceTitle "playchess.com"]
[Source "ChessBase"]
[SourceQuality "1"]
[TimeControl "40/5400+30:1800+30"]

1. d4 Nf6 2. c4 g6 3. Nc3 Bg7 4. e4 d6 5. Nf3 O-O 6. Be2 e5 7. O-O Qe7 8. Bg5 Nbd7 9. d5 h6 10. Bh4 g5 11. Bg3 Nh5 12. Ne1 Nf4 13. Nc2 Nxe2+ 14. Qxe2 f5 15. exf5 Rxf5 16. Ne3 Rf7 17. Ne4 Nf6 18. f3 Nh5 19. Qc2 Nf4 20. c5 dxc5 21. Nxc5 b6 22. Ne4 Bb7 23. Rad1 Rd8 24. Qc4 Qd7 25. d6 Rc8 26. dxc7 Qxc7 27. Nd6 Qxc4 28. Nexc4 Rxc4 29. Nxc4 Ba6 30. b3 Rc7 31. Rfe1 Bxc4 32. bxc4 Rxc4 33. Bxf4 gxf4 34. Rd8+ Kf7 35. Rd7+ Kf6 36. Rxa7 Bf8 37. h4 Bc5+ 38. Kh2 Bd4 39. Kh3 Rc2 40. a4 h5 41. a5 bxa5 42. Rxa5 Rc7 43. Ra6+ Kg7 44. Rb1 Bf2 45. Rb5 Bd4 46. Rd5 1-0

[Event "Peace Tournament 2019"]
[Site "Zagreb"]
[Date "2019.11.23"]
[Round "5"]
[White "Stevic, Hrvoje"]
[Black "Nisipeanu, Liviu-Dieter"]
[Result "1/2-1/2"]
[WhiteElo "2563"]
[BlackElo "2656"]
[Annotator "ChessBase"]
[PlyCount "28"]
[EventDate "2019.??.??"]
[EventCountry "CRO"]
[SourceTitle "playchess.com"]
[Source "ChessBase"]
[SourceQuality "1"]
[TimeControl "40/5400+30:1800+30"]

1. e4 c6 2. Nf3 d5 3. Nc3 Bg4 4. h3 Bxf3 5. Qxf3 e6 6. Be2 Nf6 7. O-O dxe4 8. Nxe4 Nxe4 9. Qxe4 Qd5 10. Bf3 Qxe4 11. Bxe4 Nd7 12. b4 O-O-O 13. Rb1 Be7 14. g3 h5 1/2-1/2

[Event "Peace Tournament 2019"]
[Site "Zagreb"]
[Date "2019.11.23"]
[Round "5"]
[White "Palac, Mladen"]
[Black "Ragger, Markus"]
[Result "1/2-1/2"]
[WhiteElo "2550"]
[BlackElo "2669"]
[Annotator "ChessBase"]
[PlyCount "25"]
[EventDate "2019.??.??"]
[EventCountry "CRO"]
[SourceTitle "playchess.com"]
[Source "ChessBase"]
[SourceQuality "1"]
[TimeControl "40/5400+30:1800+30"]

1. e4 e5 2. Nf3 Nc6 3. Bb5 a6 4. Ba4 Nf6 5. O-O Be7 6. Re1 b5 7. Bb3 O-O 8. a4 b4 9. d4 d6 10. dxe5 Nxe5 11. Nxe5 dxe5 12. Nd2 Bc5 13. h3 1/2-1/2

[Event "Peace Tournament 2019"]
[Site "Zagreb"]
[Date "2019.11.24"]
[Round "6.1"]
[White "Bosiocic, Marin"]
[Black "Bacrot, Etienne"]
[Result "1/2-1/2"]
[WhiteElo "2598"]
[BlackElo "2669"]
[Annotator "TA"]
[PlyCount "62"]
[EventDate "2019.11.19"]
[EventType "tourn"]
[EventCountry "CRO"]
[SourceTitle "playchess.com"]
[Source "ChessBase"]
[SourceQuality "1"]

{[%evp 15,62,0,2,0,0,4,0,-6,-14,-12,0,-10,0,-7,0,-29,2,-17,-27,-39,-35,-49,-33,-35,-4,-50,-56,-72,-14,-62,-50,-73,-31,-77,-19,-65,-57,-115,-105,-100,-95,-118,-90,-106,0,-109,0,-97,0]} 1. c4 e6 2. Nc3 d5 3. d4 Be7 4. cxd5 exd5 5. Bf4 c6 6. e3 Bf5 7. Nge2 Nd7 8. Ng3 Bg6 9. Be2 {D31: Queen's Gambit Declined: Semi-Slav without ...Nf6 (+ Marshall Gambit and Noteboom) and Exchange Variation lines without ...Nf6} Ngf6 10. h4 {[#] Strongly threatening h5.} h5 11. Bd3 {The position is equal.} (11. Bg5 Ne4 12. Bxe7 Qxe7 13. Nxh5 Bxh5 14. Bxh5 g6 15. Nxe4 Rxh5 16. Ng3 Rxh4 17. Rxh4 Qxh4 {½-½ (52) Navara,D (2741)-Harikrishna,P (2739) Linares 2018}) 11... Bxd3 12. Qxd3 g6 13. f3 Nb6 {[#]} 14. O-O-O $146 ({Predecessor:} 14. Nge2 Nfd7 15. e4 dxe4 16. fxe4 Bxh4+ {½-½ (53) Gordievsky,D (2638)-Xu,Y (2545) China 2018}) 14... Bd6 15. Kb1 Qc7 16. Nce2 Bxf4 17. exf4 O-O-O 18. b3 Rhg8 19. Qd2 Kb8 20. Nc1 Ne8 21. Nd3 Nd6 (21... Ng7 $17) 22. a4 Nd7 23. Rc1 Rde8 24. Ka2 Re7 (24... Nf8 $17) 25. Rc2 Ka8 26. Qb4 (26. f5 $15) 26... Nb8 27. Nc5 Rge8 28. Rhc1 Re3 {[#] aiming for ...b6.} 29. Qd2 R3e7 30. Qb4 Re3 {White must now prevent ...b6.} 31. Qd2 $1 R3e7 {Accuracy: White = 42%, Black = 41%.} (31... Qd8 $17 32. Nce4 Na6 33. Qxe3 Nb4+ 34. Kb2 Nxc2 35. Rxc2 (35. Kxc2 f5 $17 {[%mdl 64] Pin}) 35... f5 {[%mdl 64] Pin}) 1/2-1/2

[Event "Peace Tournament 2019"]
[Site "Zagreb"]
[Date "2019.11.24"]
[Round "6.2"]
[White "Ragger, Markus"]
[Black "Cheparinov, Ivan"]
[Result "1-0"]
[WhiteElo "2669"]
[BlackElo "2679"]
[Annotator "TA"]
[PlyCount "81"]
[EventDate "2019.11.19"]
[EventType "tourn"]
[EventCountry "CRO"]
[SourceTitle "playchess.com"]
[Source "ChessBase"]
[SourceQuality "1"]

{[%evp 14,81,25,22,10,2,9,17,0,0,15,0,68,53,98,95,99,54,54,62,58,58,52,52,63,62,83,84,82,79,77,76,95,95,140,140,140,140,140,140,135,140,140,140,140,140,179,179,179,179,237,237,237,237,237,173,236,231,599,597,577,534,389,237,282,282,232,217,217,217]} 1. d4 Nf6 2. c4 g6 3. Nc3 d5 4. cxd5 Nxd5 5. Bd2 Bg7 6. e4 Nxc3 7. Bxc3 O-O 8. Qd2 Nd7 $1 {D85: Exchange Grünfeld: Unusual White 7th moves and lines with 7 Nf3} (8... c5 9. d5 Bxc3 10. bxc3 Qd6 11. f4 e6 12. Bc4 b5 13. Bxb5 exd5 14. Bc4 Bb7 15. Nf3 Rd8 16. Bxd5 Bxd5 17. Qxd5 Qxd5 18. exd5 Rxd5 {½-½ (29) Tomashevsky,E (2702)-Nepomniachtchi,I (2768) Satka 2018}) 9. Nf3 b6 10. Bd3 e6 {The position is equal.} 11. b4 Bb7 12. O-O Nf6 $146 ({Black should try} 12... c5 $11) ({Predecessor:} 12... c5 13. bxc5 bxc5 14. Ba5 Qb8 15. Rac1 Rc8 16. Bb5 {½-½ (54) L'Ami,A (2393)-Kenney,J (2104) Reykjavik 2015}) 13. Rfe1 c5 14. bxc5 bxc5 15. dxc5 {aiming for Rab1.} (15. Rab1 {feels hotter.} cxd4 16. Ba5 Qb8 17. Qb4 Bc6 18. Qc4) 15... Nxe4 $1 16. Bxe4 Qxd2 $1 17. Nxd2 {Bxg7 is the strong threat.} Bxc3 18. Bxb7 Bxd2 19. Re4 $1 Rab8 20. c6 Ba5 {[#]} 21. Ra4 $1 {[%cal Ra4a5]} Bb6 22. Rc1 Kg7 23. Kf1 Rxb7 24. cxb7 $16 {[%mdl 4096] Endgame Hoping for Rc8. KRR-KRB} Rb8 25. Rb4 {Threatens to win with Rxb6.} Rxb7 26. Ke2 Rd7 27. a4 {[%cal Ba2a4,Ba4b5][%mdl 32]} Rd5 28. Rb5 Rxb5 29. axb5 {KR-KB} Kf6 30. Rc8 h5 31. f3 g5 (31... Ke7 {was necessary.} 32. Kd3 Kf6) 32. h4 $18 gxh4 33. Kd3 Kf5 34. Rh8 {[%mdl 1024] White has strong compensation.} Kg6 (34... Kf4 {is a better defense.} 35. Rxh5 Kg3) 35. Ke4 f6 $2 (35... Ba5 {is a better chance.} 36. Rg8+ Kh7) 36. Rg8+ Kf7 {[#]} 37. Rc8 $1 Ke7 38. Rh8 Kd6 39. Rxh5 f5+ 40. Kd3 Bf2 41. Rh7 {Accuracy: White = 79%, Black = 52%.} 1-0

[Event "Peace Tournament 2019"]
[Site "Zagreb"]
[Date "2019.11.24"]
[Round "6.3"]
[White "Nisipeanu, Liviu-Dieter"]
[Black "Palac, Mladen"]
[Result "1-0"]
[WhiteElo "2656"]
[BlackElo "2550"]
[Annotator "TA"]
[PlyCount "63"]
[EventDate "2019.11.19"]
[EventType "tourn"]
[EventCountry "CRO"]
[SourceTitle "playchess.com"]
[Source "ChessBase"]
[SourceQuality "1"]

{[%evp 21,63,-14,-9,-36,-4,0,22,25,29,25,20,22,27,22,13,33,27,25,31,27,25,22,50,52,100,123,121,47,494,532,620,636,593,607,782,770,726,783,778,754,751,759,758,723]} 1. d4 d5 2. c4 e6 3. Nc3 c6 4. e4 dxe4 5. Nxe4 Bb4+ 6. Bd2 Qxd4 7. Bxb4 Qxe4+ 8. Be2 Na6 9. Bc3 f6 10. Nf3 Ne7 11. O-O O-O 12. Re1 {D31: Queen's Gambit Declined: Semi-Slav without ...Nf6 (+ Marshall Gambit and Noteboom) and Exchange Variation lines without ...Nf6} (12. b4 Ng6 13. g3 e5 14. Nd2 Qf5 15. b5 Nc5 16. Bb4 b6 17. Bf3 Rd8 18. bxc6 e4 19. Bg2 Qe6 {½-½ (28) Voege,T (2346)-Buhmann,R (2641) Vienna 2016}) 12... Qf4 13. b4 Ng6 14. b5 $146 {The position is equal.} ({Predecessor:} 14. Qb3 e5 15. Bd3 Nc7 16. b5 cxb5 17. Re4 Qh6 18. cxb5+ {½-½ (42) Bormida,A (2345)-Hedrera,M (2305) Argentina 1998}) 14... cxb5 15. cxb5 Nc5 16. g3 Qc7 17. Rc1 b6 18. Bb4 Rd8 19. Qc2 Bb7 20. Bxc5 bxc5 21. Qxc5 Qb6 22. a4 e5 23. Qb4 a5 24. Qc5 ({Better is} 24. Qa3 $16) 24... Qe6 $2 {[%mdl 8192]} (24... Qxc5 $14 25. Rxc5 Kf8) 25. Bc4 $18 {White is clearly winning.} Bd5 {[#]} 26. Nd4 $1 {[%cal Rd4e6][%mdl 576] Pin} Qf7 (26... exd4 27. Rxe6) 27. Nc6 Rd7 28. Red1 Bxc4 29. Rxd7 {[%mdl 64] Overworked Piece} Qxd7 30. Qxc4+ Kh8 31. b6 Qb7 32. Qb5 {Accuracy: White = 80%, Black = 15%.} 1-0

[Event "Peace Tournament 2019"]
[Site "Zagreb"]
[Date "2019.11.24"]
[Round "6.4"]
[White "Kozul, Zdenko"]
[Black "Stevic, Hrvoje"]
[Result "1/2-1/2"]
[WhiteElo "2593"]
[BlackElo "2563"]
[Annotator "TA"]
[PlyCount "37"]
[EventDate "2019.11.19"]
[EventType "tourn"]
[EventCountry "CRO"]
[SourceTitle "playchess.com"]
[Source "ChessBase"]
[SourceQuality "1"]

{[%evp 24,37,12,14,18,6,16,0,0,-14,-12,-25,-14,-24,-3,-30]} 1. d4 d5 2. c4 dxc4 3. Nf3 Nf6 4. e3 e6 5. Bxc4 c5 6. O-O a6 7. dxc5 Qxd1 8. Rxd1 Bxc5 9. b3 b6 10. Bb2 Nbd7 11. Be2 Bb7 12. Nbd2 O-O 13. Nc4 Rfd8 {D27: Queen's Gambit Accepted: Classical main line: 7 e4!? and 7 a4} 14. Nfe5 (14. Ne1 Bd5 15. Rac1 Rac8 16. Nd3 Be7 17. Nce5 Bb7 18. Nc4 Bd5 19. Nd2 Bb7 20. Kf1 h6 21. Bf3 {1-0 (51) Carlsen,M (2835)-Mamedyarov,S (2817) Wijk aan Zee 2019}) 14... Nxe5 15. Bxe5 b5 16. Na5 Bd5 {[#] Hoping for ...Bb4.} 17. a3 $146 ({Predecessor:} 17. Rac1 Rdc8 18. Bf3 {½-½ (18) Roiz,M (2512)-Ibragimov,I (2566) ICC INT 2003}) 17... Bb6 18. b4 Rdc8 19. a4 1/2-1/2

[Event "Peace Tournament 2019"]
[Site "Zagreb"]
[Date "2019.11.24"]
[Round "6.5"]
[White "Zelcic, Robert"]
[Black "Melkumyan, Hrant"]
[Result "0-1"]
[WhiteElo "2526"]
[BlackElo "2661"]
[Annotator "TA"]
[PlyCount "90"]
[EventDate "2019.11.19"]
[EventType "tourn"]
[EventCountry "CRO"]
[SourceTitle "playchess.com"]
[Source "ChessBase"]
[SourceQuality "1"]

{[%evp 23,90,0,8,0,12,3,20,23,23,20,20,0,8,9,15,11,22,11,12,-22,-25,-57,-62,-59,-54,-56,-60,-88,-84,-121,-116,-110,-115,-108,-110,-109,-112,-111,-116,-140,-132,-153,-166,-198,-181,-175,-173,-181,-173,-192,-181,-214,-196,-213,-194,-194,-183,-239,-239,-473,-482,-472,-473,-457,-452,-666,-645,-29998,-29999]} 1. e4 e5 2. Nf3 Nc6 3. Nc3 Nf6 4. d4 exd4 5. Nxd4 Bb4 6. Nxc6 bxc6 7. Bd3 d5 8. exd5 O-O 9. O-O cxd5 10. Bg5 ({Predecessor:} 10. h3 Re8 11. Qf3 Rb8 12. Bg5 c6 13. Ne2 Bd6 {½-½ (32) Petrov,D (2249)-Sirosh,I (2298) Narva 2016}) 10... c6 11. Qf3 Bd6 12. h3 Rb8 13. b3 {C47: Scotch Four Knights and Four Knights with 4 g3} Re8 $146 (13... Be5 14. Bf4 Bxc3 15. Bxb8 Bxa1 16. Rxa1 Bg4 17. hxg4 Qxb8 18. Re1 Re8 19. Rxe8+ Qxe8 20. Qf4 h6 {½-½ (34) Radjabov,T (2759)-Karjakin,S (2748) Moscow 2019}) 14. Ne2 h6 15. Bxf6 {The position is equal.} Qxf6 16. Qxf6 gxf6 17. Nd4 c5 18. Nf5 Bf8 19. Ne3 Be6 20. Rfe1 Red8 21. f4 c4 {[%mdl 64] Decoy} 22. bxc4 dxc4 23. Nxc4 Rd4 $36 {[%mdl 2048] Black has good play.} 24. Nd2 Rxf4 25. a4 Bb4 26. Red1 Bc3 27. Rab1 Rxb1 28. Nxb1 Bd4+ 29. Kh1 Be5 30. Bb5 Bf5 31. c4 Rf2 32. Kg1 Ra2 {Hoping for ...Ra1.} 33. Rd8+ Kg7 34. Nd2 {[#]} Bf4 $1 {[%cal Rf4d2]} 35. Nf3 Be4 36. Rd1 f5 37. Rf1 Kf6 38. Nh4 Bg3 39. Nf3 Bd6 40. Nh4 (40. Kh1 {was called for.}) 40... Bc5+ $19 41. Kh1 $2 (41. Kh2 {was forced.}) 41... Kg5 42. Nf3+ Kf4 43. Kh2 Bf2 44. Ng1 (44. Ne1 $142 Kg5 45. Rxf2 Rxf2 46. Kg3) 44... Kg5 {( -> ...Bg3+!)} 45. c5 {[#]} Bg3+ $1 {[%mdl 576] Decoy. Accuracy: White = 36%, Black = 86%.} 0-1

[Event "Peace Tournament 2019"]
[Site "Zagreb"]
[Date "2019.11.24"]
[Round "6.6"]
[White "Dreev, Aleksey"]
[Black "Ivanchuk, Vassily"]
[Result "1/2-1/2"]
[WhiteElo "2671"]
[BlackElo "2679"]
[Annotator "TA"]
[PlyCount "50"]
[EventDate "2019.11.19"]
[EventType "tourn"]
[EventCountry "CRO"]
[SourceTitle "playchess.com"]
[Source "ChessBase"]
[SourceQuality "1"]

{[%evp 14,50,-11,-18,-4,-13,12,2,0,7,6,0,0,0,1,0,0,-7,0,0,0,0,0,0,12,14,12,18,8,14,21,-1,20,20,13,13,22,21,19]} 1. d4 g6 2. Nf3 Bg7 3. g3 c5 4. Bg2 cxd4 5. Nxd4 Nc6 6. Nxc6 bxc6 7. O-O Rb8 8. c3 {The position is equal.} Nf6 {A04: Unusual lines after 1 Nf3 and King's Indian Attack} 9. e4 O-O 10. e5 (10. Nd2 Qc7 11. Re1 d6 12. Qc2 Nd7 13. Nf3 a5 14. Be3 c5 15. Rab1 Bb7 16. Bg5 {0-1 (56) Kharitonov,A (2538)-Bu,X (2673) Moscow 2010}) 10... Nd5 $146 ({Predecessor:} 10... Ne8 11. e6 fxe6 12. Bxc6 Nd6 13. Bf3 Qb6 14. Be2 Bb7 15. Qb3 Qc6 16. f3 {0-1 (27) Bjorn,S-Knudsen,J Denmark 1999}) 11. Re1 d6 12. exd6 Qxd6 13. Qa4 Bf5 14. Na3 {[%cal Bb1a3,Ba3c4,Bc4e3][%mdl 32]} Qc5 15. Nc4 Rfd8 16. Ne3 Be6 17. Qa6 Rd6 18. Nc4 Bc8 19. Qa4 Re6 20. Rxe6 Bxe6 21. Bf1 h5 22. Qa5 Rb5 23. Qd8+ Kh7 24. a4 Rb7 25. Qa5 Qxa5 {Accuracy: White = 74%, Black = 53%.} 1/2-1/2

[Event "Peace Tournament 2019"]
[Site "Zagreb"]
[Date "2019.11.26"]
[Round "7.1"]
[White "Ivanchuk, Vassily"]
[Black "Bosiocic, Marin"]
[Result "1/2-1/2"]
[WhiteElo "2679"]
[BlackElo "2598"]
[Annotator "TA"]
[PlyCount "172"]
[EventDate "2019.11.19"]
[EventType "tourn"]
[EventCountry "CRO"]
[SourceTitle "playchess.com"]
[Source "ChessBase"]
[SourceQuality "1"]

{[%evp 9,172,12,20,14,8,0,1,8,25,0,20,13,19,21,29,14,18,22,30,-34,0,0,0,-18,0,0,0,0,20,0,0,-7,-8,-20,38,24,39,17,14,16,16,18,14,0,30,0,0,0,0,0,0,0,0,-30,0,0,0,-34,-6,-10,0,-51,-45,-54,-56,-55,-53,-57,-54,-92,-83,-97,-72,-125,-125,-127,-117,-124,-108,-124,-113,-122,-116,-124,-128,-128,-128,-121,-122,-123,-120,-141,-72,-105,-72,-72,-72,-72,-70,-70,-70,-84,-71,-70,-64,-64,-39,-88,-33,-88,0,-88,-88,-88,-88,-88,-88,-88,-88,-88,-81,-81,-81,-81,-78,-78,-78,-78,-78,-78,-78,-88,-78,-77,0,-88,0,-77,-77,-80,-57,-57,-22,-22,-22,-22,-22,-22,-22,-22,-22,-22,-22,-22,0,-110,0,0,0,0,0,0,0,0,0]} 1. c4 e5 2. Nc3 Bb4 3. Nd5 a5 4. a3 Bc5 5. e3 (5. Nf3 d6 6. e3 c6 7. Nc3 Nd7 8. Qc2 Qe7 9. Be2 Ngf6 10. d4 Ba7 11. O-O Bb8 12. b3 {0-1 (44) Iturrizaga Bonelli,E (2626)-Adhiban,B (2639) Khanty-Mansiysk 2019}) 5... Nf6 6. d4 {A21: English Opening: 1...e5 2 Nc3} Nxd5 7. cxd5 exd4 8. exd4 Bb6 9. Bd3 $146 ({Predecessor:} 9. Qe2+ Qe7 10. d6 cxd6 11. Bf4 d5 12. Bd6 {1-0 (51) Pesonen,S (2206)-Kuosmanen,K (2314) ICCF email 2014}) 9... Qe7+ 10. Ne2 O-O 11. O-O d6 12. Nc3 Qh4 13. Be3 Nd7 14. Ne4 (14. Qd2 $11) 14... h6 (14... f5 $5 {[%cal Rf5e4]} 15. Bg5 Qg4 16. Qxg4 fxg4 $11) 15. f3 Qd8 16. Qd2 Nf6 17. Nc3 Re8 18. Kh1 Qe7 19. Bf2 Bd7 20. Rac1 a4 21. Bc2 Ra5 (21... Ba5 $11) 22. Qd3 $14 Qf8 23. Qc4 {[%cal Rc2a4]} Re7 24. Rfe1 Rxe1+ 25. Rxe1 {[%cal Rc2a4]} Qa8 26. Qe2 Qc8 27. Qe3 Qf8 28. Qd3 g6 29. Qc4 {[%cal Rc2a4]} Qa8 30. Bd3 Kg7 31. Bf1 Bf5 32. Rc1 Bd7 33. h3 Nh5 34. Re1 Qd8 35. g3 (35. g4 $11 Nf4 36. Bg3) 35... Qg5 $15 36. f4 Qd8 $1 ({But not} 36... Nxg3+ 37. Kg2 $14) 37. Kh2 Nf6 38. Bg2 h5 39. Re2 Qa8 40. Rd2 Qa6 (40... Qh8 {keeps more tension.} 41. Rc2 Ra8 42. Re2 Ba5 43. Be3 Re8) 41. Bf1 (41. Qa2 $142) 41... Qxc4 $17 42. Bxc4 Ra8 43. Re2 Kf8 44. Kg2 Ba5 45. Be1 Bxc3 46. bxc3 b5 47. Bd3 Nxd5 48. c4 bxc4 49. Bxc4 Nb6 50. Bd3 Re8 (50... Be6 $142 51. h4 Kg7) 51. Ba5 Nd5 (51... Rc8 {seems wilder.} 52. Re1 Be6 53. Kh2 Nd5 54. Be4 Nf6) 52. Rxe8+ Kxe8 {[%mdl 4096] Endgame KBB-KBN} 53. h4 Kd8 54. Kf3 Ne7 55. Ke3 Be6 56. Bc2 Bb3 57. Bd3 Kd7 58. Be4 Kc8 (58... f5 $17 59. Bf3 Nd5+ 60. Kd3 Nf6) 59. Kd2 ({White should try} 59. f5 $15) 59... Kd7 60. Ke3 f5 61. Bf3 c6 62. Kd2 Ng8 63. Kd3 Nf6 64. Ke3 Bc4 65. Bd1 Bb5 66. Bf3 Kc8 67. Bb4 Kc7 68. Ba5+ Kb7 69. Bd8 Ne8 70. Ba5 Ka6 71. Bd8 Kb7 72. Ba5 $1 Nf6 73. Bd8 Nd7 74. Ba5 Bc4 75. Bb4 Bd5 (75... d5 {is interesting.} 76. Be7 Nb6 77. Kd2 Bb3 78. Be2 Kc7) 76. Bxd5 cxd5 77. Bxd6 $11 {KB-KN} Nf6 78. Bb4 $1 Ne4 79. Be1 $1 Kc6 80. Ke2 $1 Kb5 {[#] White must now prevent ...Kc4.} 81. Kd3 Nd6 82. Bd2 (82. Bb4 $11 {was the only way to keep the balance.} Ne4 83. Be1) 82... Nc4 (82... Kb6 $17) 83. Bb4 {The position is equal.} Nb2+ 84. Kc2 $1 {[%cal Rc2b2]} Nc4 85. Kd3 Nb2+ 86. Kc2 Nc4 {Accuracy: White = 54%, Black = 60%.} 1/2-1/2

[Event "Peace Tournament 2019"]
[Site "Zagreb"]
[Date "2019.11.26"]
[Round "7.2"]
[White "Melkumyan, Hrant"]
[Black "Dreev, Aleksey"]
[Result "1/2-1/2"]
[WhiteElo "2661"]
[BlackElo "2671"]
[Annotator "TA"]
[PlyCount "81"]
[EventDate "2019.11.19"]
[EventType "tourn"]
[EventCountry "CRO"]
[SourceTitle "playchess.com"]
[Source "ChessBase"]
[SourceQuality "1"]

{[%evp 9,81,10,11,19,25,14,10,12,14,16,0,10,16,0,0,0,0,0,0,0,27,0,0,-27,0,-7,0,0,0,-11,0,10,13,12,13,6,6,4,2,4,6,3,4,-7,0,0,18,6,19,19,14,16,32,0,0,0,0,0,0,0,0,0,0,0,0,0,0,0,0,0,0,0,0,0]} 1. c4 c6 2. Nf3 d5 3. d4 Nf6 4. g3 dxc4 5. Bg2 g6 6. a4 {D11: Slav Defence: 3 Nf3 sidelines and 3...Nf6 4 e3 Bg4} Bg7 7. O-O Ne4 8. Qc2 (8. Nc3 Nd6 9. e4 O-O 10. Qe2 Na6 11. Rd1 Nc7 12. h3 b6 {½-½ (54) Wang,H (2726)-Rodshtein,M (2684) Khanty-Mansiysk 2019}) 8... Nd6 $1 9. e4 Na6 10. Na3 Nb4 11. Qc3 $146 ({Predecessor:} 11. Qe2 Bg4 12. Rd1 a5 13. h3 Bxf3 14. Bxf3 {½-½ (20) Diermair,A (2507)-Bartel,M (2609) Batumi 2018}) 11... a5 12. e5 Nf5 13. Nxc4 O-O 14. Bd2 b6 15. Rfd1 Be6 16. Be1 f6 17. b3 Ra7 18. Qb2 Rd7 19. Qe2 Bd5 {With the idea ...Bxf3.} 20. Bc3 Bxf3 21. Bxf3 Nxd4 22. Bxd4 Rxd4 23. Rxd4 Qxd4 {[%mdl 64] [#] Double Attack} 24. Rd1 {[%cal Ba1d1,Bd1d7,Bd7a7][%mdl 32]} Qc5 {[%cal Rf6e5]} 25. exf6 Bxf6 26. Kg2 Kh8 27. Rd7 b5 28. axb5 Qxb5 29. Ra7 Nd5 30. Rxa5 Qxb3 31. Bxd5 cxd5 {The position is equal.} 32. Rxd5 Qb7 33. Qe4 Kg7 34. Ne3 Rd8 35. Rd4 (35. h4 {keeps more tension.} Qc6 36. h5 Rd6 37. Qf3 Rxd5 38. Nxd5 gxh5 39. Qe4) 35... Qxe4+ 36. Rxe4 $11 {KRB-KRN} Kf7 37. Nf1 Rb8 38. h4 Rb2 39. Nh2 h5 40. Nf3 Rc2 41. Ng1 {Accuracy: White = 65%, Black = 67%.} 1/2-1/2

[Event "Peace Tournament 2019"]
[Site "Zagreb"]
[Date "2019.11.26"]
[Round "7.3"]
[White "Stevic, Hrvoje"]
[Black "Zelcic, Robert"]
[Result "1/2-1/2"]
[WhiteElo "2563"]
[BlackElo "2526"]
[Annotator "TA"]
[PlyCount "35"]
[EventDate "2019.11.19"]
[EventType "tourn"]
[EventCountry "CRO"]
[SourceTitle "playchess.com"]
[Source "ChessBase"]
[SourceQuality "1"]

{[%evp 16,35,14,20,22,3,10,-3,0,-31,4,2,0,0,-1,-4,-9,-6,-5,-7,-5,-7]} 1. Nf3 c5 2. c4 b6 3. g3 Bb7 4. Bg2 Nf6 5. O-O g6 6. Nc3 Bg7 7. d4 cxd4 8. Nxd4 Bxg2 9. Kxg2 Nc6 {A30: Symmetrical English: Double Fianchetto and Hedgehog} (9... Qc8 10. b3 Qb7+ 11. f3 Nc6 12. Nc2 O-O 13. e4 a6 14. a4 d6 15. Bb2 Rfd8 16. Rb1 e6 17. Ne3 Nd7 18. Rf2 Nc5 19. Rd2 Bh6 20. Re2 Bg7 21. Rd2 Bh6 22. Re2 Bg7 23. Rd2 {½-½ (23) Banusz,T (2607)-Almasi,Z (2699) Ajka 2018}) 10. Nxc6 dxc6 11. Bf4 O-O 12. Be5 $146 ({Predecessor:} 12. Qc2 Qc8 13. Rad1 Qe6 14. b3 Rfd8 15. Rxd8+ Rxd8 16. Rd1 {½-½ (16) Nikolaidis,I (2524)-Genov,P (2477) Thessaloniki 2001}) 12... Qxd1 (12... Qc8 {is more complex.} 13. Qb3 Qe6 14. Bxf6 Bxf6 15. Rad1 Rad8) 13. Rfxd1 {The position is equal.} Rfd8 14. Rxd8+ Rxd8 15. Rd1 Rxd1 16. Nxd1 Nd7 17. Bxg7 Kxg7 18. b3 1/2-1/2